000 00378nam a2200157Ia 4500
003 OSt
005 20240311104652.0
008 170523s9999 xx 000 0 und d
020 _a978-9353160777
040 _cIIMT UNIVERSITY
100 _aZEITHAML, BITNER
245 0 _aSERVICES MARKETING
260 _bNEW DELHI
_aTATA MC GRAW HILL
_c2005
300 _a668
942 _2ddc
_c02
999 _c1300
_d1300